000 00427nam a2200145 a 4500
001 000039513
005 20201002031703.0
008 130704s1986 dr 000 0 spa d
040 _aDO-SdBNP
_bspa
_cBNPHU
082 _axxx
_bO77c
100 1 _aOrtíz Read, Manuel Alexis
_965695
245 1 0 _aCimarron, Maniel y Ocoa /
_cManuel Alexis Ortiz Read.
260 _aSanto Domingo :
_bAlfa & Omega,
_c1986.
300 _a88 p. ;
_c22 cm.
999 _c39003
_d39003